| 000 | 00879nas a2200277 4500 | ||
|---|---|---|---|
| 001 | BR2015006868 | ||
| 003 | BR-BrBNA | ||
| 005 | 20231205125953.0 | ||
| 007 | ta | ||
| 008 | 230509b bl.|||p| |||| 00| 00por d | ||
| 040 |
_aBR-BrBNA _bpor _cBiblioteca Nacional de Agricultura |
||
| 041 | _a(En) | ||
| 072 | _aL01; L73 | ||
| 100 | 1 | _aIpek, A. | |
| 100 | 1 | _aSahan, U. | |
| 100 | 1 | _aSozcu, A. | |
| 245 | 1 | _aThe effects of different eggshell temperatures between embryonic day 10 and 18 on broiler performance and susceptibility to ascites | |
| 650 | _aFRANGO DE CORTE | ||
| 650 | _aCASCA DE OVO | ||
| 650 | _aTEMPERATURA | ||
| 650 | _aPERFORMANCE | ||
| 650 | _aASCITE | ||
| 773 | 0 |
_tBrazilian Journal of Poultry Science (Brazil) _xISSN 1516-635X _g(Jul-Sep 2015), v. 17(3) p. 387-394 _wBR2015006868 |
|
| 909 |
_a202311 _bLúcia _c55 _dLúcia Elande |
||
| 942 |
_2AGRIS _n0 _cANA |
||
| 999 |
_c247185 _d247185 |
||